书目信息 |
| 题名: |
五四时期的社团
|
|
| 作者: | 张允候 编 | |
| 分册: | 三 | |
| 出版信息: | 北京 三联书店 1979 |
|
| 页数: | 408页 | |
| 开本: | 20cm | |
| 丛书名: | ||
| 单 册: | ||
| 中图分类: | K261.2 | |
| 科图分类: | ||
| 主题词: | 中国--历史 | |
| 电子资源: | ||
| ISBN: | ||
| 000 | 00584nam0 2200229 45 | |
| 001 | 0179007515 | |
| 005 | 20040312095246.7 | |
| 010 | @dCNY1.55 | |
| 091 | @a11002.517 | |
| 100 | @a19950724d1979 em y0chiy0121 ea | |
| 101 | 0 | @achi |
| 102 | @aCN@b110000 | |
| 105 | @af z 000yy | |
| 106 | @ar | |
| 200 | 10 | @a五四时期的社团@Awu si shi qi de she tuan@h三@f张允候等编 |
| 210 | @a北京@c三联书店@d1979 | |
| 215 | @a408页@c照片@d20cm | |
| 606 | 0 | @a中国@x历史 |
| 690 | @aK261.2 | |
| 701 | 0 | @a张允候@Azhang yun hou@4编 |
| 801 | 0 | @aCN@bNLC@c20040312 |
| 905 | @f1@b12999@dK261.2@e4:3 | |
| 五四时期的社团.三/张允候等编.-北京:三联书店,1979 |
| 408页:照片;20cm |
| ISBN :CNY1.55 |
| ● |
| 相关链接 |
|
|
|
|
正题名:五四时期的社团
索取号:K261.2/4:3
 
预约/预借
| 序号 | 登录号 | 条形码 | 馆藏地/架位号 | 状态 | 备注 |
| 1 | 0012999 | 001895587 | 第二样本阅览室/ [索取号:K261.2/4:3] | 在馆 |